Rogoźno

Titel: Rogoźno : miasto i gmina / zdjęcia: Małgorzata Skwisz, Błažej Cisowski
Beteiligt: ;
Maßstab: 1:15 000-1:60 000
Veröffentlicht: Poznań : Pietruska & Mierkiewicz Wydawnictwo i Bank Geoinformacji, copyright 2009
Rogoźno : Urząd Miejski, copyright 2009
Umfang: 2 Karten auf 1 Blatt : beidseitig, farbig ; 48 x 68 cm, gefaltet 24 x 12 cm
Format: Karte
Sprache: Polnisch; Englisch; Deutsch
Schlagworte:
ISBN: 9788374450553 ; 837445055X
Buchumschlag
X
alg: 50055213
001A    $03004:17-10-22 
001B    $01999:17-10-22 $t22:33:35.000 
001D    $03004:17-10-22 
001U    $0utf8 
001X    $00 
002@    $0Kau 
002C    $akartografisches Bild $bcri $2rdacontent 
002D    $aohne Hilfsmittel zu benutzen $bn $2rdamedia 
002E    $aBlatt $bnb $2rdacarrier 
003@    $0500552134 
003O    $0839093431 $aOCoLC 
004A    $A978-83-7445-055-3 
004A    $083-7445-055-X 
006B    $0bDK936/2 
006C    $0839093431 $aOCoLC 
007A    $0500552134 $aHEB 
010@    $apol $aeng $ager 
010E    $erda 
011@    $a2009 $ncopyright 2009 
013D    $RGrafische Darstellung $#Cartes $#Maps $#Plans $#Amtliche Karte Formschlagwort $#Landkarte $#Wandkarte Formschlagwort $#Wanderkarte Formschlagwort $#Straßenkarte Formschlagwort $#Weltkarte Formschlagwort $#Karten $#Landkarten $#Kartenmaterial $#Geografische Karte $74029783-4 $8Karte [Tsz] $9085078743 
013D    $RKarte $#Ortsplan $#Stadtatlas $#Stadtpläne $74129845-7 $8Stadtplan [Ts1] $9085456683 
021A    $aRogoźno $dmiasto i gmina $hzdjęcia: Małgorzata Skwisz, Błažej Cisowski 
028C    $BMitwirkender $4ctb $8Skwisz, Małgorzata [Tnu] $9500551812 
028C    $BMitwirkender $4ctb $8Cisowski, Błažej [Tnu] $9500551960 
033A    $pPoznań $nPietruska & Mierkiewicz Wydawnictwo i Bank Geoinformacji 
033A    $pRogoźno $nUrząd Miejski 
034D    $a2 Karten auf 1 Blatt 
034I    $a48 x 68 cm, gefaltet 24 x 12 cm 
034M    $abeidseitig, farbig 
035E    $a1:15 000-1:60 000 
037A    $aMit Straßenverzeichnis, touristischen Informationen und Illustrationen 
039C    $aEnthält $t[Karte] Rogoźno, 1:15 000, 48 x 45 cm 
039C    $aEnthält $t[Karte] Gmina Rogoźno, 1:60 000, 48 x 46 cm 
044K    $RRogasen $#Rogóźno $#Roggenhausen $75193908-3 $8Rogoźno [Tg1] $9051267446 
044K    $RReise $RTourismusforschung $RReiseverkehr $#Tourism $#Tourisme $#tourism $#Tourismus $#Tourismus $#Touristik Fremdenverkehr $#Fremdenverkehr $74018406-7 $8Tourismus [Ts1] $9085043508 
045F    $a910.9438090511 $eDDC23BSB 
045F/01 $a910 
045F/03 $f090511 
045F/03 $g438 
046L    $aText Polnisch, Legende Polnisch, Englisch und Deutsch 

lok: 50055213 24

exp: 50055213 24 1 #EPN
201B/01 $017-10-22 $t16:53:58.000 
201C/01 $017-10-22 
201U/01 $0utf8 
203@/01 $01216074496 
208@/01 $a17-10-22 $bz 
209A/01 $aK 34 VIII R 1 $dd $f050 $hK 34 8 R 1 $x00 
209C/01 $aK 2022.00339 K $h22 00339 K 
220C/01 $awei 
247C/01 $8358050-7 Marburg, Bibliothek des Herder-Instituts Marburg $9102600961
LEADER 00000cem a2200000 c 4500
001 500552134
003 DE-603
005 20221017223335.0
007 a|||||||
008 221017s2009 xx |||||| a || | ||pol c
020 |a 9788374450553 
020 |a 837445055X 
035 |a (DE-599)HEB500552134 
035 |a (OCoLC)839093431 
040 |a DE-603  |b ger  |c DE-603  |d DE-603  |e rda 
041 |a pol  |a eng  |a ger 
082 0 4 |8 1\u  |a 910.9438090511  |q DE-101  |2 23/BSB 
085 |8 1\u  |b 910 
085 |8 1\u  |z 1  |s 090511 
085 |8 1\u  |z 2  |s 438 
245 0 0 |a Rogoźno  |b miasto i gmina  |c zdjęcia: Małgorzata Skwisz, Błažej Cisowski 
255 |a 1:15 000-1:60 000 
264 1 |a Poznań  |b Pietruska & Mierkiewicz Wydawnictwo i Bank Geoinformacji  |c copyright 2009 
264 1 |a Rogoźno  |b Urząd Miejski  |c copyright 2009 
300 |a 2 Karten auf 1 Blatt  |b beidseitig, farbig  |c 48 x 68 cm, gefaltet 24 x 12 cm 
336 |a kartografisches Bild  |b cri  |2 rdacontent 
337 |a ohne Hilfsmittel zu benutzen  |b n  |2 rdamedia 
338 |a Blatt  |b nb  |2 rdacarrier 
500 |a Mit Straßenverzeichnis, touristischen Informationen und Illustrationen 
546 |a Text Polnisch, Legende Polnisch, Englisch und Deutsch 
650 7 |a Tourismus  |0 (DE-588)4018406-7  |0 (DE-603)085043508  |2 gnd 
651 7 |a Rogoźno  |0 (DE-588)5193908-3  |0 (DE-603)051267446  |2 gnd 
655 7 |a Karte  |2 gnd-content  |0 (DE-588)4029783-4  |0 (DE-603)085078743 
655 7 |a Stadtplan  |2 gnd-content  |0 (DE-588)4129845-7  |0 (DE-603)085456683 
700 1 |a Skwisz, Małgorzata  |e Mitwirkender  |4 ctb  |0 (DE-603)500551812 
700 1 |a Cisowski, Błažej  |e Mitwirkender  |4 ctb  |0 (DE-603)500551960 
770 0 8 |i Enthält  |t [Karte] Rogoźno, 1:15 000, 48 x 45 cm 
770 0 8 |i Enthält  |t [Karte] Gmina Rogoźno, 1:60 000, 48 x 46 cm 
924 0 |9 Mb 50  |a (DE-603)1216074496  |b DE-Mb50  |c HES  |d d  |g K 34 VIII R 1